000 00312nam a22001337a 4500
008 170421b xxu||||| |||| 00| 0 eng d
020 _a9780805371802
041 _aeng
080 _25 ED
_a573
100 _a11
101 _aSHM
245 _aINVESTIGATING BIOLOGY LAB MANUAL
_cMORGAN.J.G
942 _2udc
_cBK
999 _c11411
_d11411